History Quiz

Random History or Clickable Quiz
Score 0/25 Timer 06:00
6 Plays Today
% Correct
iPod
88.6%
Waterproof Digital Camera
83.7%
Segway PT
83.1%
World Wide Web
76%
Fuel cell bike
72.3%
Laser
60.1%
Strapless Goggles
59.7%
Powered Manned Airplane
54.6%
Electric Motor
51.5%
Electric Telephone
51%
Barometer
50%
Bi-Focal eyeglasses
49.6%
Pendulum Clock
47.5%
% Correct
Reflecting Telescope
43%
Lightning Rod
42.8%
Phonograph
42.7%
Roll Film
42.6%
Saw Cotton Gin
41.1%
Manned Hot Air Balloon
41%
Typewriter
37.3%
Mechanical Calculator
37.3%
Coffee Filter
34%
Battery
32.3%
Stainless Steel
29%
Pressure Cooker
26.7%
Remove Ads.
Support Sporcle.
Get the best of Sporcle when you Go Orange. This ad-free experience offers more features, more stats, and more fun while also helping to support Sporcle. Thank you for becoming a member.

You're not logged in!

Compare scores with friends on all Sporcle quizzes.
OR
Log In

Show Comments

Extras

Top Quizzes Today


Score Distribution

Your Account Isn't Verified!

In order to create a playlist on Sporcle, you need to verify the email address you used during registration. Go to your Sporcle Settings to finish the process.

Report this User

Report this user for behavior that violates our Community Guidelines.

Details: